Magmatické horniny hlubinné v kostce /

Main Author: Kynický, Jindřich
Language: Czech
Published: Brno : Mendelova univerzita v Brně, 2015
Edition: Vydání: první
Subjects:
Physical Description: 95 stran : ilustrace (převážně barevné) ; 31 cm
Book
Saved in:
LEADER 01673nam a2200469 i 4500
001 nkc20162786323
003 CZ PrNK
005 20160426091407.0
007 ta
008 160324s2015 xr a e p 000 0 cze
015 |a cnb002786323 
020 |a 978-80-7509-280-9  |q (vázáno) 
035 |a (OCoLC)949216763 
040 |a BOA001  |b cze  |d ABA001  |e rda 
072 7 |a 552  |x Petrologie  |2 Konspekt  |9 7 
072 7 |a 37.016  |x Učební osnovy. Vyučovací předměty. Učebnice  |2 Konspekt  |9 22 
080 |a 552.3  |2 MRF 
080 |a 552.311  |2 MRF 
080 |a 553.52  |2 MRF 
080 |a (075.8)  |2 MRF 
100 1 |a Kynický, Jindřich  |7 mzk2006320211  |4 aut 
245 1 0 |a Magmatické horniny hlubinné v kostce /  |c Jindřich Kynický a kol. 
250 |a Vydání: první 
264 1 |a Brno :  |b Mendelova univerzita v Brně,  |c 2015 
300 |a 95 stran :  |b ilustrace (převážně barevné) ;  |c 31 cm 
336 |a text  |b txt  |2 rdacontent 
337 |a bez média  |b n  |2 rdamedia 
338 |a svazek  |b nc  |2 rdacarrier 
500 |a 200 výtisků 
504 |a Obsahuje bibliografii 
650 0 7 |a vyvřelé horniny  |7 ph116651  |2 czenas 
650 0 7 |a plutonické horniny  |7 ph592783  |2 czenas 
650 0 9 |a igneous rocks  |2 eczenas 
650 0 9 |a plutonic rocks  |2 eczenas 
655 7 |a učebnice vysokých škol  |7 fd133772  |2 czenas 
655 9 |a textbooks (higher)  |2 eczenas 
910 2 |a BOA001  |b 4-1364.898 
990 |a BK 
995 |a 01 
991 |b 201604  |c NOV 
996 6 |b 2610666995  |c 4-1364.898  |l MZK  |r Sklad / do 1 hodiny  |n 0  |p p.v.  |w 001556274  |u 000010  |a 1  |e BOA001  |j MZK50  |s P 
996 7 |b 2610666996  |c 4-1364.898  |l MZK  |r Sklad / do 1 hodiny  |n 3  |p p.v.  |w 001556274  |u 000020  |a 1  |e BOA001  |j MZK50  |s A